LEADER 01746nam 2200385 n 450 001 996383961103316 005 20221108042118.0 035 $a(CKB)1000000000586210 035 $a(EEBO)2248499444 035 $a(UnM)9928139800971 035 $a(UnM)99831534 035 $a(EXLCZ)991000000000586210 100 $a19951014d1687 uy | 101 0 $aeng 135 $aurbn||||a|bb| 200 10$aGodfrey of Bulloigne: or The recovery of Jerusalem. Done into English heroical verse, by Edward Fairfax, Gent. Together with the life of the said Godfrey. Licensed to be reprinted. Sept. 18. 1686. Ro. L'Estrange$b[electronic resource] 210 $aLondon $cprinted by J.M. for H. Herringman, and are to be sold by Jos. Knight, and F. Saunders in the Lower Walk of the New Exchange$d1687 215 $a[32], 655, [1] p 300 $aA translation, by Edward Fairfax, of: Tasso, Torquato. La Gerusallemme liberata. 300 $aCaption title on A3r reads: The life of Godfrey of Bulloigne. 300 $aIn verse. 300 $aReproduction of the original in the Harvard University Library. 330 $aeebo-0062 606 $aItalian poetry$y16th century$vTranslations into English$vEarly works to 1800 615 0$aItalian poetry 700 $aTasso$b Torquato$f1544-1595.$0158668 701 $aFairfax$b Edward$fd. 1635.$01010229 801 0$bCu-RivES 801 1$bCu-RivES 801 2$bCStRLIN 801 2$bWaOLN 906 $aBOOK 912 $a996383961103316 996 $aGodfrey of Bulloigne: or The recovery of Jerusalem. Done into English heroical verse, by Edward Fairfax, Gent. Together with the life of the said Godfrey. Licensed to be reprinted. Sept. 18. 1686. Ro. L'Estrange$92374629 997 $aUNISA LEADER 03119oam 2200673I 450 001 9910791883403321 005 20230124184431.0 010 $a1-136-87864-5 010 $a1-136-87865-3 010 $a1-283-04315-7 010 $a9786613043153 010 $a0-203-83858-0 024 7 $a10.4324/9780203838587 035 $a(CKB)2560000000058381 035 $a(EBL)667934 035 $a(OCoLC)709768199 035 $a(SSID)ssj0000474111 035 $a(PQKBManifestationID)11286692 035 $a(PQKBTitleCode)TC0000474111 035 $a(PQKBWorkID)10453478 035 $a(PQKB)10079449 035 $a(OCoLC)708569052 035 $a(MiAaPQ)EBC667934 035 $a(Au-PeEL)EBL667934 035 $a(CaPaEBR)ebr10447685 035 $a(CaONFJC)MIL304315 035 $a(EXLCZ)992560000000058381 100 $a20180706d2011 uy 0 101 0 $aeng 135 $aur|n|---||||| 181 $ctxt 182 $cc 183 $acr 200 10$aUnited Nations Educational, Scientific, and Cultural Organization (UNESCO) $ecreating norms for a complex world /$fJ.P. Singh 210 1$aNew York :$cRoutledge,$d2011. 215 $a1 online resource (193 p.) 225 0 $aGlobal institutions series ;$v46 300 $aDescription based upon print version of record. 311 $a0-415-49114-2 311 $a0-415-49113-4 320 $aIncludes bibliographical references (pages [160]-161) and index. 327 $aBook Cover; Title; Copyright; Contents; Illustrations; Foreword; Acknowledgements; Abbreviations; Introduction; 1 UNESCO's organizational history and structure; 2 Prioritizing education; 3 Making science; 4 The prominence of culture; 5 Debating global communication orders; 6 Reflections and possibilities; Appendix: UNESCO Constitution; Notes; Select bibliography; Index 330 $aThis book traces the history of UNESCO from its foundational idealism to its current stature as the preeminent international organization for science, education, and culture, building a well rounded understanding of this important organization.The book: provides an overview of the organization and its institutional architecture in the context of its humanistic idealismdetails the subsequent challenges UNESCO faced through cold war and power politics, global dependence and interdependence, and the rise of identity and culture in global politicsanalyses th 410 0$aGlobal Institutions 606 $aEducation and state$xInternational cooperation 606 $aScience and state$xInternational cooperation 606 $aCultural policy$xInternational cooperation 615 0$aEducation and state$xInternational cooperation. 615 0$aScience and state$xInternational cooperation. 615 0$aCultural policy$xInternational cooperation. 676 $a001.06/01 676 $a001.0601 700 $aSingh$b J. P.$f1961-,$0925754 801 0$bFlBoTFG 801 1$bFlBoTFG 906 $aBOOK 912 $a9910791883403321 996 $aUnited Nations Educational, Scientific, and Cultural Organization (UNESCO)$93706646 997 $aUNINA